000 00650nam a22002297a 4500
003 UA-OsUOA
001 118390
007 ta
008 20160811b un ||||| |||| 00| 0 ukr d
100 _aДиба О.М.
700 _aКікоть О.Ю.
090 _a330(477)
_bД44
942 _cSA
040 _aUA-OsUOA
_bukr
_cUA-OsUOA
_dUA-OsUOA
245 _aОцінка функціонування аукціонів цінних паперів
300 _aС.34-55
955 _a0
041 _aukr
080 _a330(477)
773 0 _w118387
_tФінанси України
_dК.
_d2016
_g3
650 7 _a330 Економіка взагалі
_2UDC
999 _c404469
_d404469